Исследование и разработка функциональных схем для встраиваемых усилителей переменного тока на транзисторах: Отчет о НИР

Bibliografiske detaljer
Institution som forfatter: Томский политехнический институт (ТПИ) (595)
Andre forfattere: Ройтман М. С. Марсель Самуилович (руководитель), Сергеев В. М. (исполнитель)
Sprog:russisk
Udgivet: Томск, 1968
Fag:
Format: MixedMaterials Bog
KOHA link:https://koha.lib.tpu.ru/cgi-bin/koha/opac-detail.pl?biblionumber=179783

MARC

LEADER 00000nbm0a2200000 4500
001 179783
005 20231031170550.0
029 0 0 |a SU  |b 68021565  |f ТПУ 
035 |a (RuTPU)RU\TPU\book\194889 
090 |a 179783 
100 |a 20100428d1968 k y0rusy50 ca 
101 0 |a rus 
102 |a RU 
105 |a a p 001zy 
200 1 |a Исследование и разработка функциональных схем для встраиваемых усилителей переменного тока на транзисторах  |e Отчет о НИР  |f Томский политехнический институт (ТПИ) ; руководитель М. С. Ройтман ; В. М. Сергеев 
210 |a Томск  |d 1968 
215 |a 147 л. 
320 |a Библиогр.: с. 146-147. 
610 1 |a отчеты о НИР 
610 1 |a транзисторы 
610 1 |a усилители переменного тока 
610 1 |a функциональные схемы 
610 1 |a измерительные усилители 
610 1 |a аппаратура 
610 1 |a поверка 
675 |a 621.374  |v 3 
702 1 |a Ройтман  |b М. С.  |c российский ученый  |c радиотехник  |c Заслуженный профессор Томского политехнического университета  |f 1933-  |g Марсель Самуилович  |2 stltpush  |3 (RuTPU)RU\TPU\pers\19859  |4 673 
702 1 |a Сергеев  |b В. М.  |4 677 
712 0 2 |a Томский политехнический институт (ТПИ)  |c (1944-1991)  |2 stltpush  |3 (RuTPU)RU\TPU\col\1123  |4 595 
801 1 |a RU  |b 63413507  |c 20100428 
942 |c BK